| 000 -LEADER |
| fixed length control field |
00858pab a2200169 454500 |
| 008 - FIXED-LENGTH DATA ELEMENTS--GENERAL INFORMATION |
| fixed length control field |
180718b1999 xxu||||| |||| 00| 0 eng d |
| 100 ## - MAIN ENTRY--PERSONAL NAME |
| Personal name |
Meenakshisundaram, S.S. |
| 245 ## - TITLE STATEMENT |
| Title |
Gram Sabha: lessons from Karnataka |
| 260 ## - PUBLICATION, DISTRIBUTION, ETC. |
| Date of publication, distribution, etc. |
1999 |
| 300 ## - PHYSICAL DESCRIPTION |
| Extent |
p.55-60 |
| 362 ## - DATES OF PUBLICATION AND/OR SEQUENTIAL DESIGNATION |
| Dates of publication and/or sequential designation |
Oct |
| 520 ## - SUMMARY, ETC. |
| Summary, etc. |
Case studies from Karnataka point at the dismal functioning of Gram Sabhas in the State. Since Gram Sabha is the bedrock of panchayati raj it should be made more meaningful. For this it should meet periodically and the subjects placed before it must attract public attention. Concerted efforts are necessary to equip the Gram Sabhas through devolution of power, functions and finance alongwith necessary training and capacity building. - Reproduced |
| 650 ## - SUBJECT ADDED ENTRY--TOPICAL TERM |
| Topical term or geographic name entry element |
Rural development - India - Karnataka |
| 650 ## - SUBJECT ADDED ENTRY--TOPICAL TERM |
| Topical term or geographic name entry element |
Panchayat |
| 773 ## - HOST ITEM ENTRY |
| Main entry heading |
Kurukshetra |
| 909 ## - |
| -- |
42622 |